[Event "26th Abu Dhabi Master 2019"]
[Site "Abu Dhabi"]
[Date "2019.08.02"]
[Round "1.40"]
[White "Deshpande, Aniruddha"]
[Black "Nguyen, Anh Khoi"]
[Result "1-0"]
[WhiteElo "2234"]
[BlackElo "2516"]
[Annotator "ChessBase"]
[PlyCount "65"]
[EventDate "2019.08.02"]
[EventType "swiss"]
[EventCountry "UAE"]
[SourceTitle "playchess.com"]
[Source "ChessBase"]
[SourceQuality "1"]
[TimeControl "5400+30"]

1. d4 Nf6 2. c4 e6 3. g3 {[%emt 0:00:57]} c5 {[%emt 0:00:27]} 4. d5 {[%emt 0:00:06]} exd5 {[%emt 0:00:05]} 5. cxd5 {[%emt 0:00:05]} d6 {[%emt 0:00:07]} 6. Nc3 {[%emt 0:00:06]} g6 {[%emt 0:00:07]} 7. Bg2 {[%emt 0:00:11]} Bg7 {[%emt 0:00:06]} 8. Nf3 {[%emt 0:00:15]} O-O {[%emt 0:00:12]} 9. O-O {[%emt 0:00:12]} Re8 {[%emt 0:00:11]} 10. Re1 {[%emt 0:02:15]} a6 {[%emt 0:00:50]} 11. a4 {[%emt 0:00:26]} Nbd7 {[%emt 0:00:17]} 12. e4 {[%emt 0:01:46]} Ng4 {[%emt 0:00:39]} 13. Nd2 {[%emt 0:00:31]} Nge5 {[%emt 0:00:09]} 14. Bf1 {[%emt 0:00:13]} g5 {[%emt 0:00:13]} 15. f4 gxf4 {[%emt 0:02:29]} 16. gxf4 {[%emt 0:00:42]} Ng6 {[%emt 0:00:53]} 17. Nf3 {[%emt 0:00:08]} Nf6 {[%emt 0:14:57]} 18. f5 {[%emt 0:03:47]} Ne5 {[%emt 0:00:14]} 19. Nxe5 {[%emt 0:08:27]} Rxe5 {[%emt 0:00:08]} 20. Bf4 {[%emt 0:00:27]} Qe7 {[%emt 0:05:06]} 21. Qf3 {[%emt 0:04:39]} Bd7 {[%emt 0:04:36]} 22. Re2 {[%emt 0:04:21]} Kh8 {[%emt 0:04:45]} 23. Bxe5 {[%emt 0:15:06]} Qxe5 {[%emt 0:00:11]} 24. Rg2 {[%emt 0:00:12]} Re8 {[%emt 0:03:57]} 25. Bd3 {[%emt 0:08:12]} c4 {[%emt 0:15:36]} 26. Bc2 {[%emt 0:00:25]} b5 {[%emt 0:02:23]} 27. axb5 {[%emt 0:11:15]} axb5 {[%emt 0:01:46]} 28. Kh1 {[%emt 0:00:08]} Bf8 {[%emt 0:16:50]} 29. Rag1 {[%emt 0:03:39]} Ra8 {[%emt 0:05:32]} 30. Qh5 {[%emt 0:04:22]} Be8 {[%emt 0:08:40]} 31. Qg5 {[%emt 0:20:34]} h6 {[%emt 0:00:11]} 32. Qxf6+ {[%emt 0:04:16]} Qxf6 {[%emt 0:08:20]} 33. Rg7 {[%emt 0:01:34]} 1-0

[Event "26th Abu Dhabi Master 2019"]
[Site "Abu Dhabi"]
[Date "2019.08.02"]
[Round "1.41"]
[White "Iniyan, P."]
[Black "Pujari, Rucha"]
[Result "1-0"]
[WhiteElo "2524"]
[BlackElo "2268"]
[Annotator "ChessBase"]
[PlyCount "33"]
[EventDate "2019.08.02"]
[EventType "swiss"]
[EventCountry "UAE"]
[SourceTitle "playchess.com"]
[Source "ChessBase"]
[SourceQuality "1"]
[TimeControl "5400+30"]

1. d4 {[%emt 0:03:46]} d5 {[%emt 0:00:00]} 2. c4 {[%emt 0:00:24]} e6 {[%emt 0:00:11]} 3. Nf3 {[%emt 0:00:06]} Nf6 {[%emt 0:00:44]} 4. Bg5 {[%emt 0:00:05]} Be7 {[%emt 0:00:22]} 5. e3 {[%emt 0:00:05]} h6 {[%emt 0:01:51]} 6. Bh4 {[%emt 0:00:06]} g5 {[%emt 0:06:09]} 7. Bg3 {[%emt 0:00:10]} Ne4 {[%emt 0:00:03]} 8. Nc3 {[%emt 0:04:13]} h5 {[%emt 0:01:57]} 9. Qc2 {[%emt 0:10:46]} f5 {[%emt 0:30:28]} 10. cxd5 {[%emt 0:04:43]} exd5 {[%emt 0:08:34]} 11. Nxe4 {[%emt 0:00:18]} fxe4 {[%emt 0:00:23]} 12. Bxc7 {[%emt 0:00:21]} Bb4+ {[%emt 0:00:21]} 13. Kd1 {[%emt 0:01:18]} Qe7 {[%emt 0:04:16]} 14. Bd6 {[%emt 0:00:11]} Qxd6 {[%emt 0:09:41]} 15. Qxc8+ {[%emt 0:00:08]} Ke7 {[%emt 0:00:18]} 16. Qxh8 {[%emt 0:00:40]} exf3 {[%emt 0:00:13]} 17. Qg7+ {[%emt 0:00:22]} 1-0

[Event "26th Abu Dhabi Master 2019"]
[Site "Abu Dhabi"]
[Date "2019.08.02"]
[Round "1.42"]
[White "Ayyad, Husain"]
[Black "Bajarani, Ulvi"]
[Result "0-1"]
[WhiteElo "2231"]
[BlackElo "2485"]
[Annotator "ChessBase"]
[PlyCount "112"]
[EventDate "2019.08.02"]
[EventType "swiss"]
[EventCountry "UAE"]
[SourceTitle "playchess.com"]
[Source "ChessBase"]
[SourceQuality "1"]
[TimeControl "5400+30"]

1. e4 {[%emt 0:09:29]} c5 {[%emt 0:00:00]} 2. Nf3 {[%emt 0:00:03]} d6 {[%emt 0:00:00]} 3. d4 {[%emt 0:00:07]} cxd4 {[%emt 0:00:00]} 4. Qxd4 {[%emt 0:00:05]} a6 {[%emt 0:00:00]} 5. h3 {[%emt 0:00:07]} Nc6 {[%emt 0:00:09]} 6. Qe3 {[%emt 0:00:02]} g6 {[%emt 0:00:21]} 7. Be2 {[%emt 0:00:21]} Bg7 {[%emt 0:00:15]} 8. O-O {[%emt 0:00:08]} Nf6 {[%emt 0:00:21]} 9. c4 {[%emt 0:04:27]} O-O {[%emt 0:00:45]} 10. Nc3 {[%emt 0:00:49]} Nd7 {[%emt 0:01:24]} 11. b3 {[%emt 0:05:37]} Nde5 {[%emt 0:06:22]} 12. Nxe5 {[%emt 0:06:52]} Bxe5 {[%emt 0:00:23]} 13. Rd1 {[%emt 0:01:17]} b5 {[%emt 0:03:21]} 14. Rb1 {[%emt 0:03:20]} bxc4 {[%emt 0:06:04]} 15. Bxc4 {[%emt 0:06:55]} Be6 {[%emt 0:05:07]} 16. Nd5 {[%emt 0:16:30]} Bg7 {[%emt 0:02:18]} 17. Bb2 {[%emt 0:06:09]} Bxb2 {[%emt 0:02:37]} 18. Rxb2 {[%emt 0:00:08]} Ne5 {[%emt 0:00:13]} 19. Be2 {[%emt 0:02:08]} Bxd5 {[%emt 0:01:34]} 20. Rxd5 {[%emt 0:00:56]} Qc7 {[%emt 0:00:33]} 21. f4 {[%emt 0:03:48]} Nd7 {[%emt 0:00:13]} 22. e5 {[%emt 0:06:30]} dxe5 {[%emt 0:15:01]} 23. fxe5 {[%emt 0:00:16]} e6 {[%emt 0:04:41]} 24. Rd6 {[%emt 0:01:02]} a5 {[%emt 0:02:22]} 25. Qd4 {[%emt 0:05:37]} Nb8 {[%emt 0:05:20]} 26. Bb5 {[%emt 0:02:26]} Ra7 {[%emt 0:01:31]} 27. Rd2 {[%emt 0:00:56]} Kg7 {[%emt 0:00:23]} 28. a4 {[%emt 0:11:21]} Rb7 {[%emt 0:01:44]} 29. Kh2 {[%emt 0:00:11]} Rc8 {[%emt 0:01:35]} 30. Qh4 {[%emt 0:04:32]} Qe7 {[%emt 0:02:32]} 31. Qxe7 {[%emt 0:00:12]} Rxe7 {[%emt 0:00:07]} 32. Rd8 {[%emt 0:00:04]} Rec7 {[%emt 0:00:41]} 33. Kg3 {[%emt 0:01:11]} Rxd8 {[%emt 0:00:40]} 34. Rxd8 {[%emt 0:00:04]} Nc6 {[%emt 0:00:06]} 35. Bxc6 {[%emt 0:00:59]} Rxc6 {[%emt 0:00:29]} 36. Rb8 {[%emt 0:00:01]} g5 {[%emt 0:00:48]} 37. Rb5 {[%emt 0:00:03]} Rc3+ {[%emt 0:00:18]} 38. Kf2 {[%emt 0:00:44]} Kg6 {[%emt 0:00:09]} 39. Rxa5 {[%emt 0:00:53]} Rxb3 {[%emt 0:00:09]} 40. Ra7 {[%emt 0:00:03]} h5 {[%emt 0:00:36]} 41. Ra8 {[%emt 0:01:23]} h4 {[%emt 0:00:40]} 42. Ra7 {[%emt 0:01:59]} Rc3 {[%emt 0:00:37]} 43. Ra5 {[%emt 0:00:19]} Rc4 {[%emt 0:00:26]} 44. Kf3 {[%emt 0:00:36]} Kf5 {[%emt 0:00:13]} 45. Ra7 {[%emt 0:00:02]} Rf4+ {[%emt 0:00:18]} 46. Ke3 {[%emt 0:01:08]} Kxe5 {[%emt 0:00:08]} 47. a5 {[%emt 0:00:13]} f5 {[%emt 0:00:25]} 48. a6 {[%emt 0:00:03]} Ra4 {[%emt 0:00:10]} 49. Ra8 {[%emt 0:00:57]} Ra3+ {[%emt 0:00:22]} 50. Kf2 {[%emt 0:00:54]} Kf4 {[%emt 0:00:10]} 51. a7 {[%emt 0:00:48]} Ra2+ {[%emt 0:00:06]} 52. Kf1 {[%emt 0:00:01]} e5 {[%emt 0:00:13]} 53. Ke1 {[%emt 0:00:08]} Ke3 {[%emt 0:00:24]} 54. Kd1 {[%emt 0:00:00]} e4 {[%emt 0:00:17]} 55. Kc1 {[%emt 0:00:25]} f4 {[%emt 0:00:15]} 56. Kd1 {[%emt 0:00:10]} Kf2 {[%emt 0:00:12]} 0-1

[Event "26th Abu Dhabi Master 2019"]
[Site "Abu Dhabi"]
[Date "2019.08.02"]
[Round "1.43"]
[White "Kiriakov, Petr"]
[Black "Srihari L R"]
[Result "1-0"]
[WhiteElo "2516"]
[BlackElo "2227"]
[Annotator "ChessBase"]
[PlyCount "41"]
[EventDate "2019.08.02"]
[EventType "swiss"]
[EventCountry "UAE"]
[SourceTitle "playchess.com"]
[Source "ChessBase"]
[SourceQuality "1"]
[TimeControl "5400+30"]

1. d4 {[%emt 0:00:23]} Nf6 {[%emt 0:00:26]} 2. c4 {[%emt 0:00:41]} c5 {[%emt 0:00:28]} 3. d5 {[%emt 0:00:14]} b5 {[%emt 0:00:30]} 4. cxb5 {[%emt 0:00:08]} e6 {[%emt 0:00:24]} 5. Nc3 {[%emt 0:05:14]} exd5 {[%emt 0:00:34]} 6. Nxd5 {[%emt 0:00:09]} Bb7 {[%emt 0:00:06]} 7. e4 {[%emt 0:03:45]} a6 {[%emt 0:07:50]} 8. bxa6 {[%emt 0:05:22]} Nxa6 {[%emt 0:18:09]} 9. Bc4 {[%emt 0:08:41]} Bd6 {[%emt 0:13:07]} 10. Nf3 {[%emt 0:05:20]} Nxe4 {[%emt 0:08:38]} 11. O-O {[%emt 0:03:24]} O-O {[%emt 0:05:08]} 12. Re1 {[%emt 0:02:00]} Re8 {[%emt 0:04:20]} 13. Bg5 {[%emt 0:07:50]} Qa5 {[%emt 0:13:13]} 14. Be7 {[%emt 0:06:25]} Bxe7 {[%emt 0:12:50]} 15. Rxe4 {[%emt 0:00:23]} Bf8 {[%emt 0:01:42]} 16. Ne5 {[%emt 0:07:57]} Nc7 {[%emt 0:09:49]} 17. Qh5 {[%emt 0:02:21]} Bxd5 {[%emt 0:00:43]} 18. Qxf7+ {[%emt 0:00:24]} Bxf7 {[%emt 0:00:18]} 19. Bxf7+ {[%emt 0:00:04]} Kh8 {[%emt 0:00:07]} 20. Ng6+ {[%emt 0:00:04]} hxg6 {[%emt 0:00:05]} 21. Rh4# 1-0

[Event "26th Abu Dhabi Master 2019"]
[Site "Abu Dhabi"]
[Date "2019.08.02"]
[Round "1.44"]
[White "Senthil Maran K"]
[Black "Kuybokarov, Temur"]
[Result "1-0"]
[WhiteElo "2222"]
[BlackElo "2511"]
[Annotator "ChessBase"]
[PlyCount "121"]
[EventDate "2019.08.02"]
[EventType "swiss"]
[EventCountry "UAE"]
[SourceTitle "playchess.com"]
[Source "ChessBase"]
[SourceQuality "1"]
[TimeControl "5400+30"]

1. d4 Nf6 2. Nf3 d5 3. c4 e6 4. Nc3 Bb4 5. Qa4+ Nc6 6. e3 O-O 7. Bd2 dxc4 8. Bxc4 Bd6 9. O-O a6 10. a3 e5 11. d5 e4 12. Nxe4 Nxe4 13. dxc6 Nxd2 14. Nxd2 Bxh2+ 15. Kxh2 Qxd2 16. cxb7 Qd6+ 17. Kg1 Bxb7 18. Qb4 Qc6 19. f3 Rab8 20. Rac1 Qf6 21. Qc3 Qg5 22. Be2 Rbe8 23. e4 Kh8 24. Qd4 Qf4 25. Rc3 f5 26. Rfc1 Rf7 27. Qe3 Qd6 28. Qa7 Qb6+ 29. Qxb6 cxb6 30. Rc7 Rfe7 31. exf5 h6 32. Bd3 Kg8 33. Kf2 Kf7 34. Be4 Bxe4 35. fxe4 g6 36. fxg6+ Kf8 37. Rxe7 Rxe7 38. Rc6 Rxe4 39. Rxb6 a5 40. Rb5 Rc4 41. Rxa5 Rc2+ 42. Kf3 Rxb2 43. Ra7 Ra2 44. a4 Kg8 45. g3 Ra1 46. Kg4 Ra2 47. a5 Ra1 48. a6 Ra5 49. Kf4 Ra3 50. Ke5 Ra1 51. g7 Ra3 52. g4 Ra4 53. Kf5 Kh7 54. g5 hxg5 55. g8=Q+ Kxg8 56. Kg6 Kf8 57. Ra8+ Ke7 58. a7 g4 59. Rh8 Ra6+ 60. Kf5 Kf7 61. a8=Q 1-0

[Event "26th Abu Dhabi Master 2019"]
[Site "Abu Dhabi"]
[Date "2019.08.02"]
[Round "1.45"]
[White "Sindarov, Javokhir"]
[Black "Tabada, Jobannie C."]
[Result "1-0"]
[WhiteElo "2479"]
[BlackElo "2216"]
[Annotator "ChessBase"]
[PlyCount "51"]
[EventDate "2019.08.02"]
[EventType "swiss"]
[EventCountry "UAE"]
[SourceTitle "playchess.com"]
[Source "ChessBase"]
[SourceQuality "1"]
[TimeControl "5400+30"]

1. e4 {[%emt 0:00:00]} c5 {[%emt 0:00:28]} 2. Nf3 {[%emt 0:00:00]} d6 {[%emt 0:00:17]} 3. d4 {[%emt 0:00:00]} cxd4 {[%emt 0:00:02]} 4. Nxd4 {[%emt 0:00:00]} Nf6 {[%emt 0:00:03]} 5. Nc3 {[%emt 0:00:00]} e6 {[%emt 0:00:27]} 6. g4 {[%emt 0:02:40]} h6 {[%emt 0:00:03]} 7. h4 {[%emt 0:04:23]} Nc6 {[%emt 0:01:09]} 8. Rg1 {[%emt 0:05:35]} h5 {[%emt 0:00:04]} 9. gxh5 {[%emt 0:03:09]} Rxh5 {[%emt 0:06:38]} 10. Bg5 {[%emt 0:00:15]} Rh7 {[%emt 0:06:14]} 11. Qd2 {[%emt 0:11:52]} a6 {[%emt 0:07:23]} 12. O-O-O {[%emt 0:01:23]} Bd7 {[%emt 0:07:28]} 13. f4 {[%emt 0:04:42]} Be7 {[%emt 0:11:12]} 14. Nf3 {[%emt 0:04:35]} Nh5 {[%emt 0:34:33]} 15. e5 {[%emt 0:02:28]} d5 {[%emt 0:03:11]} 16. f5 {[%emt 0:00:15]} Qa5 {[%emt 0:00:38]} 17. fxe6 {[%emt 0:06:38]} Bxe6 {[%emt 0:06:46]} 18. Bxe7 {[%emt 0:00:05]} Nxe7 {[%emt 0:04:05]} 19. Ng5 {[%emt 0:03:42]} Rh6 {[%emt 0:03:06]} 20. Nxe6 {[%emt 0:00:52]} Rxe6 {[%emt 0:00:02]} 21. Qg5 {[%emt 0:01:11]} d4 {[%emt 0:00:42]} 22. Qxh5 {[%emt 0:01:03]} Rh6 {[%emt 0:00:12]} 23. Qf3 {[%emt 0:03:22]} dxc3 {[%emt 0:00:47]} 24. Bc4 {[%emt 0:00:09]} f5 {[%emt 0:02:50]} 25. Rxg7 {[%emt 0:01:02]} Qxe5 {[%emt 0:01:24]} 26. Qxb7 {[%emt 0:00:30]} 1-0

[Event "26th Abu Dhabi Master 2019"]
[Site "Abu Dhabi"]
[Date "2019.08.02"]
[Round "1.46"]
[White "Ajay Karthikeyan"]
[Black "Vasquez Schroeder, Rodrigo"]
[Result "0-1"]
[WhiteElo "2216"]
[BlackElo "2496"]
[Annotator "ChessBase"]
[PlyCount "138"]
[EventDate "2019.08.02"]
[EventType "swiss"]
[EventCountry "UAE"]
[SourceTitle "playchess.com"]
[Source "ChessBase"]
[SourceQuality "1"]
[TimeControl "5400+30"]

1. d4 {[%emt 0:00:00]} Nf6 {[%emt 0:00:13]} 2. Bf4 {[%emt 0:00:00]} d6 {[%emt 0:00:09]} 3. Nc3 {[%emt 0:00:51]} Nbd7 {[%emt 0:00:16]} 4. Nf3 {[%emt 0:00:02]} c5 {[%emt 0:00:21]} 5. d5 {[%emt 0:03:41]} b5 {[%emt 0:01:03]} 6. Nxb5 {[%emt 0:05:36]} Qa5+ {[%emt 0:01:03]} 7. Nc3 {[%emt 0:00:07]} Rb8 {[%emt 0:00:05]} 8. Bd2 {[%emt 0:07:40]} Rxb2 {[%emt 0:00:20]} 9. e4 {[%emt 0:00:47]} Rb8 {[%emt 0:08:55]} 10. Bd3 {[%emt 0:07:37]} g6 {[%emt 0:06:35]} 11. Nb5 {[%emt 0:07:23]} Qb6 {[%emt 0:01:11]} 12. a4 {[%emt 0:01:39]} a6 {[%emt 0:06:00]} 13. a5 {[%emt 0:00:25]} Qb7 {[%emt 0:00:57]} 14. Na3 {[%emt 0:01:08]} Bg7 {[%emt 0:00:56]} 15. Rb1 {[%emt 0:14:47]} Qc7 {[%emt 0:00:39]} 16. Rxb8 {[%emt 0:00:09]} Nxb8 {[%emt 0:06:49]} 17. Bc3 {[%emt 0:08:33]} Bg4 {[%emt 0:05:00]} 18. O-O {[%emt 0:02:45]} O-O {[%emt 0:01:00]} 19. h3 {[%emt 0:01:34]} Bxf3 {[%emt 0:03:55]} 20. Qxf3 {[%emt 0:00:03]} Nfd7 {[%emt 0:16:40]} 21. Bxg7 {[%emt 0:00:13]} Kxg7 {[%emt 0:00:06]} 22. Nc4 {[%emt 0:00:38]} Nf6 {[%emt 0:02:48]} 23. Rb1 {[%emt 0:09:55]} Nbd7 {[%emt 0:02:41]} 24. Nb6 {[%emt 0:02:56]} Rb8 {[%emt 0:00:31]} 25. Bxa6 {[%emt 0:04:58]} Nxb6 {[%emt 0:01:04]} 26. axb6 {[%emt 0:00:23]} Rxb6 {[%emt 0:00:06]} 27. Rxb6 {[%emt 0:00:40]} Qxb6 {[%emt 0:00:04]} 28. Qe2 {[%emt 0:01:54]} Qb2 {[%emt 0:01:54]} 29. g3 {[%emt 0:06:42]} Qd4 {[%emt 0:04:46]} 30. Bd3 {[%emt 0:01:25]} h5 {[%emt 0:02:07]} 31. Kg2 {[%emt 0:02:32]} Kf8 {[%emt 0:01:33]} 32. f3 {[%emt 0:04:44]} Qc3 {[%emt 0:06:04]} 33. h4 {[%emt 0:03:14]} Nd7 {[%emt 0:00:27]} 34. Qd1 {[%emt 0:01:03]} Ne5 {[%emt 0:01:15]} 35. Bf1 {[%emt 0:00:13]} Qe3 {[%emt 0:01:26]} 36. Qe2 {[%emt 0:00:09]} Qc3 {[%emt 0:02:16]} 37. Kf2 {[%emt 0:00:42]} c4 {[%emt 0:02:25]} 38. Bh3 {[%emt 0:01:04]} Qd4+ {[%emt 0:01:03]} 39. Qe3 {[%emt 0:00:01]} Qb2 {[%emt 0:00:51]} 40. Qe2 {[%emt 0:01:08]} Qc3 {[%emt 0:06:46]} 41. f4 {[%emt 0:00:33]} Ng4+ {[%emt 0:00:24]} 42. Bxg4 {[%emt 0:00:02]} hxg4 {[%emt 0:00:07]} 43. Kg2 {[%emt 0:00:57]} Qd4 {[%emt 0:00:28]} 44. Qe1 {[%emt 0:00:33]} f5 {[%emt 0:02:10]} 45. c3 {[%emt 0:00:28]} Qd3 {[%emt 0:01:11]} 46. exf5 {[%emt 0:00:02]} Qxd5+ {[%emt 0:00:28]} 47. Kh2 {[%emt 0:00:56]} gxf5 {[%emt 0:01:03]} 48. Qe2 {[%emt 0:00:33]} Kf7 {[%emt 0:00:45]} 49. Kg1 {[%emt 0:00:12]} Qe6 {[%emt 0:02:21]} 50. Qf2 {[%emt 0:00:51]} Qe4 {[%emt 0:00:05]} 51. Qd2 {[%emt 0:00:17]} Kf6 {[%emt 0:00:45]} 52. Qf2 {[%emt 0:00:39]} Qd3 {[%emt 0:01:35]} 53. Qe1 {[%emt 0:00:06]} e5 {[%emt 0:00:15]} 54. fxe5+ {[%emt 0:00:06]} dxe5 {[%emt 0:00:01]} 55. Qf2 {[%emt 0:00:30]} Kg6 {[%emt 0:00:31]} 56. Qb6+ {[%emt 0:00:59]} Kh5 {[%emt 0:00:12]} 57. Qf2 {[%emt 0:00:49]} Qf3 {[%emt 0:01:23]} 58. Qe1 {[%emt 0:00:01]} e4 {[%emt 0:00:26]} 59. Kh2 {[%emt 0:00:29]} f4 {[%emt 0:00:58]} 60. gxf4 {[%emt 0:00:24]} Qxf4+ {[%emt 0:00:12]} 61. Kg2 {[%emt 0:00:27]} Qf3+ {[%emt 0:00:39]} 62. Kg1 {[%emt 0:00:03]} e3 63. Qb1 {[%emt 0:00:54]} Qf2+ {[%emt 0:01:03]} 64. Kh1 {[%emt 0:00:05]} Qxh4+ {[%emt 0:00:38]} 65. Kg2 {[%emt 0:00:03]} Qf2+ {[%emt 0:00:37]} 66. Kh1 {[%emt 0:00:01]} Qf7 {[%emt 0:00:23]} 67. Qb5+ {[%emt 0:00:28]} Kh4 {[%emt 0:00:12]} 68. Qc5 {[%emt 0:01:43]} Qf1+ {[%emt 0:01:07]} 69. Kh2 {[%emt 0:00:05]} g3# {[%emt 0:00:10]} 0-1

[Event "26th Abu Dhabi Master 2019"]
[Site "Abu Dhabi"]
[Date "2019.08.02"]
[Round "1.47"]
[White "Sadhwani, Raunak"]
[Black "Eynullayev, Altay"]
[Result "1-0"]
[WhiteElo "2477"]
[BlackElo "2188"]
[Annotator "ChessBase"]
[PlyCount "85"]
[EventDate "2019.08.02"]
[EventType "swiss"]
[EventCountry "UAE"]
[SourceTitle "playchess.com"]
[Source "ChessBase"]
[SourceQuality "1"]
[TimeControl "5400+30"]

1. e4 {[%emt 0:00:00]} c5 {[%emt 0:00:29]} 2. Nf3 {[%emt 0:00:00]} d6 {[%emt 0:00:06]} 3. d4 {[%emt 0:00:00]} cxd4 {[%emt 0:00:10]} 4. Nxd4 {[%emt 0:00:00]} Nf6 {[%emt 0:00:11]} 5. Nc3 {[%emt 0:00:00]} a6 {[%emt 0:00:05]} 6. h4 {[%emt 0:00:00]} e5 {[%emt 0:01:23]} 7. Nb3 {[%emt 0:00:08]} Be7 {[%emt 0:00:43]} 8. Bg5 {[%emt 0:00:06]} Be6 {[%emt 0:01:12]} 9. Bxf6 {[%emt 0:00:08]} Bxf6 {[%emt 0:00:06]} 10. g3 {[%emt 0:00:04]} O-O {[%emt 0:07:06]} 11. Qd2 {[%emt 0:00:18]} Be7 {[%emt 0:08:24]} 12. O-O-O {[%emt 0:00:13]} Nd7 {[%emt 0:01:18]} 13. f4 {[%emt 0:00:17]} b5 {[%emt 0:08:20]} 14. f5 {[%emt 0:00:13]} Bxb3 {[%emt 0:02:45]} 15. cxb3 {[%emt 0:05:10]} Nf6 {[%emt 0:01:35]} 16. Qe3 {[%emt 0:03:43]} Rc8 {[%emt 0:08:01]} 17. Kb1 {[%emt 0:00:09]} Qc7 {[%emt 0:01:18]} 18. Bd3 {[%emt 0:03:51]} Rfe8 {[%emt 0:05:41]} 19. Qf3 {[%emt 0:11:09]} h6 {[%emt 0:19:30]} 20. g4 {[%emt 0:00:36]} b4 {[%emt 0:00:23]} 21. Na4 {[%emt 0:06:18]} d5 {[%emt 0:19:39]} 22. exd5 {[%emt 0:00:08]} Qd6 {[%emt 0:08:46]} 23. Be4 {[%emt 0:02:24]} Red8 {[%emt 0:01:04]} 24. Bc2 {[%emt 0:04:59]} Qc7 {[%emt 0:01:30]} 25. Rc1 {[%emt 0:01:11]} Qd6 {[%emt 0:00:55]} 26. g5 {[%emt 0:00:52]} Qxd5 {[%emt 0:00:43]} 27. Qe2 {[%emt 0:00:02]} Nd7 {[%emt 0:01:09]} 28. f6 {[%emt 0:00:01]} gxf6 {[%emt 0:00:35]} 29. gxh6 {[%emt 0:00:06]} Kh8 {[%emt 0:00:30]} 30. Qg4 {[%emt 0:03:32]} Rg8 {[%emt 0:00:15]} 31. Qf5 {[%emt 0:00:07]} Rxc2 {[%emt 0:00:41]} 32. Qxc2 {[%emt 0:00:03]} Rg2 {[%emt 0:00:39]} 33. Rhd1 {[%emt 0:04:08]} Rxc2 {[%emt 0:00:39]} 34. Rxd5 {[%emt 0:00:01]} Rxc1+ {[%emt 0:00:07]} 35. Kxc1 {[%emt 0:00:09]} Nf8 {[%emt 0:00:02]} 36. Nc5 {[%emt 0:00:07]} a5 {[%emt 0:01:25]} 37. Ne4 {[%emt 0:00:51]} Kh7 {[%emt 0:00:27]} 38. Ng3 {[%emt 0:00:06]} Ne6 {[%emt 0:00:28]} 39. Rd7 {[%emt 0:00:53]} Bf8 {[%emt 0:00:32]} 40. Rxf7+ {[%emt 0:00:09]} Kg6 {[%emt 0:00:02]} 41. h7 {[%emt 0:00:29]} Bg7 {[%emt 0:00:03]} 42. Re7 {[%emt 0:00:20]} Nf4 {[%emt 0:00:37]} 43. h5+ {[%emt 0:00:12]} 1-0

[Event "26th Abu Dhabi Master 2019"]
[Site "Abu Dhabi"]
[Date "2019.08.02"]
[Round "1.49"]
[White "Tahbaz, Arash"]
[Black "Priyanka, K."]
[Result "1-0"]
[WhiteElo "2461"]
[BlackElo "2201"]
[Annotator "ChessBase"]
[PlyCount "101"]
[EventDate "2019.08.02"]
[EventType "swiss"]
[EventCountry "UAE"]
[SourceTitle "playchess.com"]
[Source "ChessBase"]
[SourceQuality "1"]
[TimeControl "5400+30"]

1. e4 c5 2. Nf3 d6 3. d4 cxd4 4. Nxd4 Nf6 5. f3 e5 6. Bb5+ Bd7 7. Bxd7+ Qxd7 8. Nf5 d5 9. Bg5 dxe4 10. Bxf6 Qxd1+ 11. Kxd1 gxf6 12. fxe4 Na6 13. Ke2 Rg8 14. g3 Nb4 15. Na3 O-O-O 16. c3 Nd3 17. Nc4 Nc5 18. Kf3 Nxe4 19. Rad1 Ng5+ 20. Ke2 Rxd1 21. Rxd1 Ne4 22. Kf3 Ng5+ 23. Ke2 Ne4 24. Ke3 Ng5 25. h4 Ne6 26. Kf3 Kc7 27. Nce3 Rg6 28. Nd5+ Kb8 29. h5 Rg5 30. g4 e4+ 31. Kg3 Ng7 32. Nxg7 Bxg7 33. Ne3 Kc7 34. Nf5 Bf8 35. Rd4 e3 36. Kf3 b5 37. b4 a5 38. a3 axb4 39. axb4 Rxf5+ 40. gxf5 Bh6 41. Rd5 Kc6 42. Rc5+ Kb6 43. Rc8 Bg5 44. Rf8 h6 45. Rxf7 Kc6 46. Re7 Kd6 47. Rb7 Kc6 48. Rb8 Kd5 49. Rc8 Bh4 50. Rc5+ Kd6 51. Rxb5 {Kd5 Ke4+} 1-0

[Event "26th Abu Dhabi Master 2019"]
[Site "Abu Dhabi"]
[Date "2019.08.02"]
[Round "1.50"]
[White "Adnan, Habib Hana"]
[Black "Venkatesh, M.R."]
[Result "0-1"]
[WhiteElo "2220"]
[BlackElo "2480"]
[Annotator "ChessBase"]
[PlyCount "96"]
[EventDate "2019.08.02"]
[EventType "swiss"]
[EventCountry "UAE"]
[SourceTitle "playchess.com"]
[Source "ChessBase"]
[SourceQuality "1"]
[TimeControl "5400+30"]

1. d4 {[%emt 0:00:08]} g6 {[%emt 0:02:32]} 2. c4 {[%emt 0:04:56]} Bg7 {[%emt 0:00:27]} 3. Nf3 {[%emt 0:01:02]} d6 {[%emt 0:00:56]} 4. Nc3 {[%emt 0:05:41]} Nf6 {[%emt 0:01:01]} 5. Bg5 {[%emt 0:01:02]} O-O {[%emt 0:02:35]} 6. e3 {[%emt 0:04:00]} c5 {[%emt 0:12:02]} 7. Be2 {[%emt 0:05:58]} Nc6 {[%emt 0:06:22]} 8. d5 {[%emt 0:12:18]} Na5 {[%emt 0:01:06]} 9. h3 {[%emt 0:12:20]} h6 {[%emt 0:04:06]} 10. Bf4 {[%emt 0:02:23]} a6 {[%emt 0:09:44]} 11. O-O {[%emt 0:07:36]} Bd7 {[%emt 0:02:31]} 12. e4 {[%emt 0:09:35]} b5 {[%emt 0:07:00]} 13. e5 {[%emt 0:07:33]} dxe5 {[%emt 0:04:04]} 14. Nxe5 {[%emt 0:02:50]} bxc4 {[%emt 0:01:07]} 15. Bf3 {[%emt 0:01:55]} Rc8 {[%emt 0:03:20]} 16. Qe2 {[%emt 0:02:55]} Qb6 {[%emt 0:07:31]} 17. Rad1 {[%emt 0:05:29]} Rcd8 {[%emt 0:03:33]} 18. Nxc4 {[%emt 0:02:29]} Nxc4 {[%emt 0:05:38]} 19. Qxc4 {[%emt 0:00:05]} Ne8 {[%emt 0:00:26]} 20. Ne4 {[%emt 0:04:52]} Bb5 {[%emt 0:06:50]} 21. Qb3 {[%emt 0:00:33]} Qa7 {[%emt 0:04:45]} 22. Rfe1 {[%emt 0:00:49]} Nd6 {[%emt 0:00:35]} 23. Nxd6 {[%emt 0:01:34]} exd6 {[%emt 0:00:03]} 24. a4 {[%emt 0:00:17]} Be8 {[%emt 0:00:06]} 25. Qc4 {[%emt 0:00:25]} g5 {[%emt 0:03:49]} 26. Bc1 {[%emt 0:02:54]} Rb8 {[%emt 0:00:32]} 27. b3 {[%emt 0:00:25]} Rb4 {[%emt 0:01:44]} 28. Qd3 {[%emt 0:00:35]} Qb7 {[%emt 0:04:16]} 29. Be2 {[%emt 0:01:02]} Rxb3 {[%emt 0:00:41]} 30. Qxa6 {[%emt 0:00:46]} Qxa6 {[%emt 0:00:26]} 31. Bxa6 Bxa4 {[%emt 0:00:08]} 32. Rd3 {[%emt 0:00:56]} Ra8 {[%emt 0:02:47]} 33. Bc4 {[%emt 0:00:30]} Rb4 {[%emt 0:01:17]} 34. Ba2 {[%emt 0:00:19]} Bb5 {[%emt 0:00:38]} 35. Ra3 {[%emt 0:00:13]} Rxa3 {[%emt 0:00:10]} 36. Bxa3 {[%emt 0:00:05]} Ra4 {[%emt 0:00:04]} 37. Re3 {[%emt 0:00:15]} c4 {[%emt 0:00:13]} 38. Bb1 {[%emt 0:00:28]} c3 {[%emt 0:00:14]} 39. Bxd6 {[%emt 0:01:45]} Ra1 {[%emt 0:00:08]} 40. Re1 {[%emt 0:00:14]} c2 {[%emt 0:00:16]} 41. Bxc2 {[%emt 0:00:28]} Rxe1+ {[%emt 0:00:07]} 42. Kh2 {[%emt 0:00:02]} Bc4 {[%emt 0:00:46]} 43. Bb4 {[%emt 0:00:21]} Be5+ {[%emt 0:00:06]} 44. f4 {[%emt 0:00:43]} Bxf4+ {[%emt 0:00:05]} 45. g3 {[%emt 0:00:16]} Re2+ {[%emt 0:00:04]} 46. Kg1 {[%emt 0:00:04]} Be3+ {[%emt 0:00:08]} 47. Kf1 {[%emt 0:00:17]} Rxc2+ {[%emt 0:00:05]} 48. Ke1 {[%emt 0:00:05]} Rc1# {[%emt 0:00:05]} 0-1